000 00298nam a22001217a 4500
020 _a9789382126263
082 _a620.5
_bKAP/TE
100 _aKapoor, S.N.
_91076
245 _aA Textbook of Nanophysics
260 _aNew Delhi
_bAstha Publishers and Distributors
_c2014
300 _a264
942 _cBK
999 _c14618
_d14618